[Event "FIDE Grand Prix Moscow"]
[Site "Moscow RUS"]
[Date "2017.05.12"]
[EventDate "2017.05.12"]
[Round "1.3"]
[Result "1/2-1/2"]
[White "Anish Giri"]
[Black "Boris Gelfand"]
[WhiteElo "2785"]
[BlackElo "2724"]
[PlyCount "67"]

1. e4 c5 2. Nc3 Nc6 3. Nf3 g6 4. d4 cxd4 5. Nxd4 Bg7 6. Be3
Nf6 7. Bc4 O-O 8. Bb3 d5 9. exd5 Na5 10. Qd2 Nxb3 11. Nxb3 b5
12. Nxb5 Qxd5 13. Qxd5 Nxd5 14. Bd4 Nb4 15. O-O-O Nxa2+
16. Kb1 Nb4 17. Bxg7 Kxg7 18. Rhe1 Bf5 19. N3d4 Kf6 20. Nxf5
gxf5 21. Rd4 a5 22. g4 Rg8 23. h3 h5 24. gxf5 Rad8 25. Rf4 Rd5
26. Nc3 Rxf5 27. Ne4+ Kg6 28. Rxf5 Kxf5 29. Ng3+ Kg6 30. Rxe7
Rd8 31. Kc1 Na2+ 32. Kb1 Nb4 33. Kc1 Na2+ 34. Kb1 1/2-1/2

[Event "FIDE Grand Prix Moscow"]
[Site "Moscow RUS"]
[Date "2017.05.12"]
[EventDate "2017.05.12"]
[Round "1.6"]
[Result "1/2-1/2"]
[White "Evgeny Tomashevsky"]
[Black "Peter Svidler"]
[WhiteElo "2696"]
[BlackElo "2755"]
[PlyCount "49"]

1. d4 Nf6 2. c4 g6 3. Nc3 d5 4. Nf3 Bg7 5. h4 c6 6. Bg5 h6
7. Bxf6 Bxf6 8. e3 e6 9. Qc2 Nd7 10. O-O-O O-O 11. Kb1 Bg7
12. g4 Qe7 13. cxd5 exd5 14. Bd3 Nb6 15. Rhg1 Bd7 16. Ne5 Bxe5
17. dxe5 Qxe5 18. f4 Qxe3 19. Bxg6 Qxf4 20. g5 fxg6 21. Qxg6+
Kh8 22. Qxh6+ Kg8 23. Qg6+ Kh8 24. Qh6+ Kg8 25. Qg6+ 1/2-1/2

[Event "FIDE Grand Prix Moscow"]
[Site "Moscow RUS"]
[Date "2017.05.12"]
[EventDate "2017.05.12"]
[Round "1.9"]
[Result "1/2-1/2"]
[White "Pentala Harikrishna"]
[Black "Jon Ludvig Hammer"]
[WhiteElo "2750"]
[BlackElo "2621"]
[PlyCount "184"]

1. d4 Nf6 2. c4 e6 3. Nc3 Bb4 4. e3 O-O 5. Bd3 d5 6. cxd5 exd5
7. Ne2 Bd6 8. Nb5 Be7 9. Bd2 a6 10. Nbc3 c5 11. dxc5 Bxc5
12. Nd4 Bxd4 13. exd4 Qb6 14. O-O Qxd4 15. Bg5 Nc6 16. Bxf6
Qxf6 17. Nxd5 Qxb2 18. Rb1 Qxa2 19. Nb6 Rb8 20. Nc4 Bf5
21. Ra1 Qxa1 22. Qxa1 Bxd3 23. Rc1 Rbd8 24. Ne3 Nd4 25. Rd1
Nc2 26. Nxc2 Bxc2 27. Rc1 Be4 28. h4 Bc6 29. Rc5 Rd6 30. Rg5
f6 31. Rg4 Rfd8 32. Kh2 h5 33. Rf4 Rd2 34. Qc3 R8d5 35. Qe3 a5
36. Qe6+ Kf8 37. Qc8+ Rd8 38. Qe6 R8d4 39. Qc8+ Kf7 40. Qc7+
Kg6 41. Qxa5 Rxf4 42. Qxd2 Rxh4+ 43. Kg1 Rg4 44. g3 Ra4
45. Qc2+ Kh6 46. f3 h4 47. Qd2+ g5 48. Qd8 Kg7 49. Qe7+ Kg6
50. g4 Ra1+ 51. Kf2 Ra2+ 52. Ke3 Ra8 53. Kf2 h3 54. Kg3 Rh8
55. Kh2 Bxf3 56. Qe6 Bc6 57. Qf5+ Kg7 58. Qc5 Re8 59. Kxh3 Re5
60. Qd6 Kf7 61. Kg3 Re6 62. Qc7+ Re7 63. Qb6 Bd5 64. Qd4 Be4
65. Qc4+ Kg7 66. Qb4 Re8 67. Qd6 Kg6 68. Qb4 Bc6 69. Qd6 Re3+
70. Kh2 Re4 71. Kg3 Kf7 72. Qc7+ Ke6 73. Qc8+ Ke7 74. Kf2 Kd6
75. Qf8+ Kd5 76. Kg3 Re3+ 77. Kf2 Re6 78. Qd8+ Kc4 79. Qb6 Re4
80. Kg3 Rf4 81. Kh3 Rf3+ 82. Kh2 f5 83. gxf5 g4 84. Kg1 Rh3
85. Qc7 g3 86. Qf4+ Kc5 87. Qe3+ Kd6 88. Qe6+ Kc7 89. Qe7+ Kb6
90. Qb4+ Kc7 91. Qe7+ Kb6 92. Qb4+ Kc7 1/2-1/2

[Event "FIDE Grand Prix Moscow"]
[Site "Moscow RUS"]
[Date "2017.05.13"]
[EventDate "2017.05.12"]
[Round "2.3"]
[Result "1/2-1/2"]
[White "Michael Adams"]
[Black "Anish Giri"]
[WhiteElo "2747"]
[BlackElo "2785"]
[PlyCount "58"]

1. e4 c5 2. Nf3 Nc6 3. Bb5 g6 4. Bxc6 bxc6 5. O-O Bg7 6. Re1
Nh6 7. c3 O-O 8. h3 f5 9. e5 Nf7 10. d4 cxd4 11. cxd4 c5
12. dxc5 Bb7 13. Nc3 e6 14. Be3 Rb8 15. Bd4 h5 16. h4 Bxf3
17. Qxf3 Qxh4 18. Rad1 g5 19. g3 Qh3 20. b3 g4 21. Qg2 Ng5
22. Qxh3 Nxh3+ 23. Kg2 Ng5 24. Rh1 Nf3 25. Rxh5 Nxd4 26. Rxd4
Bxe5 27. Rxd7 Bxc3 28. Rg5+ Kh8 29. Rh5+ Kg8 1/2-1/2

[Event "FIDE Grand Prix Moscow"]
[Site "Moscow RUS"]
[Date "2017.05.13"]
[EventDate "2017.05.12"]
[Round "2.6"]
[Result "1/2-1/2"]
[White "Peter Svidler"]
[Black "A R Saleh Salem"]
[WhiteElo "2755"]
[BlackElo "2633"]
[PlyCount "31"]

1. c4 e5 2. g3 d6 3. Bg2 f5 4. d4 Be7 5. Nc3 Nf6 6. Nf3 e4
7. Ng5 c6 8. O-O O-O 9. f3 d5 10. cxd5 Nxd5 11. Nh3 exf3
12. Bxf3 Be6 13. Nf4 Nxf4 14. Bxf4 Na6 15. e4 Nb4 16. a3
1/2-1/2

[Event "FIDE Grand Prix Moscow"]
[Site "Moscow RUS"]
[Date "2017.05.13"]
[EventDate "2017.05.12"]
[Round "2.7"]
[Result "1/2-1/2"]
[White "Alexander Grischuk"]
[Black "Evgeny Tomashevsky"]
[WhiteElo "2750"]
[BlackElo "2696"]
[PlyCount "23"]

1. e4 e5 2. Nf3 Nc6 3. Bb5 a6 4. Ba4 Nf6 5. d3 Bc5 6. c3 d6
7. O-O Ba7 8. Re1 O-O 9. h3 Ne7 10. Nbd2 Ng6 11. Nf1 c6
12. Ng3 1/2-1/2

[Event "FIDE Grand Prix Moscow"]
[Site "Moscow RUS"]
[Date "2017.05.13"]
[EventDate "2017.05.12"]
[Round "2.8"]
[Result "1/2-1/2"]
[White "Francisco Vallejo Pons"]
[Black "Pentala Harikrishna"]
[WhiteElo "2710"]
[BlackElo "2750"]
[PlyCount "163"]

1. Nf3 Nf6 2. c4 e6 3. g3 d5 4. d4 Be7 5. Bg2 O-O 6. O-O dxc4
7. Ne5 Nc6 8. Bxc6 bxc6 9. Nxc6 Qe8 10. Nxe7+ Qxe7 11. b3 Rd8
12. bxc4 c5 13. Ba3 Qc7 14. Bxc5 Ne4 15. Qb3 Bb7 16. Qa3 Rdc8
17. Rd1 e5 18. Nc3 Nxc3 19. Qxc3 exd4 20. Bxd4 Qc6 21. f3 Qxc4
22. Qxc4 Rxc4 23. Rac1 Ba6 24. Kf2 h5 25. a3 f6 26. Rxc4 Bxc4
27. Rc1 Bf7 28. h3 a5 29. Rc5 a4 30. Bc3 Be8 31. g4 hxg4
32. hxg4 Ra7 33. g5 Kf7 34. e4 Bd7 35. Ke3 Rb7 36. Bb4 Ra7
37. f4 fxg5 38. Rxg5 g6 39. Rc5 Ra6 40. Rc7 Ke8 41. Kd4 Kd8
42. Rc1 Rc6 43. Bc5 Be6 44. Rh1 Bb3 45. Rh7 Ke8 46. Re7+ Kd8
47. Rh7 Ke8 48. Re7+ Kd8 49. Rg7 Ke8 50. e5 Bf7 51. Rh7 Bb3
52. Re7+ Kd8 53. Rg7 Ke8 54. Bd6 Bf7 55. Bb4 Bb3 56. Ke4 Kd8
57. Kf3 Be6 58. Be7+ Kc8 59. Bb4 Bf5 60. Ra7 Rc4 61. Rxa4 Kb7
62. Ra5 Kb6 63. Kg3 Be6 64. Ra8 g5 65. fxg5 Rg4+ 66. Kf2 Rxg5
67. Rb8+ Kc6 68. Bd6 Rg4 69. Re8 Kd5 70. Kf3 Rh4 71. Rb8 Bd7
72. Rb1 Bc6 73. Ke3 Re4+ 74. Kd3 Rd4+ 75. Kc3 Rc4+ 76. Kb2 Ba4
77. Re1 Rc2+ 78. Kb1 Rd2 79. Kc1 Rc2+ 80. Kb1 Rd2 81. Kc1 Rc2+
82. Kb1 1/2-1/2

[Event "FIDE Grand Prix Moscow"]
[Site "Moscow RUS"]
[Date "2017.05.13"]
[EventDate "2017.05.12"]
[Round "2.9"]
[Result "0-1"]
[White "Jon Ludvig Hammer"]
[Black "Ian Nepomniachtchi"]
[WhiteElo "2621"]
[BlackElo "2751"]
[PlyCount "86"]

1. e4 d6 2. d4 Nf6 3. Nc3 g6 4. Be3 c6 5. Qd2 b5 6. e5 Ng4
7. exd6 Nxe3 8. Qxe3 Qxd6 9. O-O-O Bg7 10. g3 Nd7 11. Bg2 Nb6
12. Qf3 Bd7 13. Ne4 Qc7 14. Nc5 Rc8 15. h4 Na4 16. Nxd7 Qxd7
17. h5 O-O 18. hxg6 hxg6 19. Ne2 Qd6 20. c3 b4 21. c4 c5
22. b3 Nc3 23. Nxc3 bxc3 24. Qxc3 Bxd4 25. Qd2 Qa6 26. Kb1 Rb8
27. g4 Bg7 28. g5 Qxc4 29. Bd5 Qg4 30. Rhe1 e6 31. Be4 c4
32. Qe3 cxb3 33. axb3 Rb4 34. Rd3 Rfb8 35. f3 Qg2 36. Re2 Qh1+
37. Re1 Qh2 38. Re2 Qe5 39. Ra2 a5 40. Kc2 a4 41. Rxa4 Rxa4
42. bxa4 Qa1 43. Rd2 Qb1# 0-1

[Event "FIDE Grand Prix Moscow"]
[Site "Moscow RUS"]
[Date "2017.05.14"]
[EventDate "2017.05.12"]
[Round "3.4"]
[Result "1/2-1/2"]
[White "Anish Giri"]
[Black "Francisco Vallejo Pons"]
[WhiteElo "2785"]
[BlackElo "2710"]
[PlyCount "76"]

1. d4 d5 2. c4 e6 3. Nf3 Nf6 4. Nc3 c6 5. e3 Nbd7 6. Qc2 Bd6
7. b3 O-O 8. Be2 e5 9. cxd5 cxd5 10. Nb5 Bb4+ 11. Bd2 Bxd2+
12. Nxd2 a6 13. dxe5 Nxe5 14. Nd4 Bg4 15. Bxg4 Nfxg4 16. O-O
Rc8 17. Qf5 g6 18. Qf4 Re8 19. Rad1 Nf6 20. Qg5 Ne4 21. Qxd8
Rexd8 22. N2f3 Nxf3+ 23. gxf3 Nf6 24. Kg2 Kf8 25. Rd2 Rd7
26. b4 Rc4 27. Rb1 Rd6 28. Rdb2 b6 29. Rd1 Ne8 30. b5 a5
31. Rc2 Rd7 32. Rdc1 Nd6 33. Rxc4 Nxc4 34. Nc6 Na3 35. Ne5 Rb7
36. Rc6 Ke7 37. Ng4 Nxb5 38. Nf6 Nc7 1/2-1/2

[Event "FIDE Grand Prix Moscow"]
[Site "Moscow RUS"]
[Date "2017.05.14"]
[EventDate "2017.05.12"]
[Round "3.6"]
[Result "0-1"]
[White "Pentala Harikrishna"]
[Black "Peter Svidler"]
[WhiteElo "2750"]
[BlackElo "2755"]
[PlyCount "80"]

1. d4 Nf6 2. c4 g6 3. Nc3 d5 4. cxd5 Nxd5 5. e4 Nxc3 6. bxc3
Bg7 7. Be3 c5 8. Rc1 O-O 9. Nf3 Qa5 10. Qd2 Rd8 11. d5 e6
12. d6 Qa4 13. h4 Qxe4 14. h5 Qd5 15. Qc2 Rxd6 16. hxg6 hxg6
17. Ng5 Nc6 18. Ne4 Rd7 19. Bg5 Bxc3+ 20. Qxc3 Qxe4+ 21. Be3
e5 22. Qxc5 Nd4 23. Bb5 Qxg2 24. Rh8+ Kxh8 25. Qf8+ Kh7
26. Bxd7 Qf3 27. Qh6+ Kg8 28. Bxd4 Bxd7 29. Bxe5 Qe4+ 30. Qe3
Qh1+ 31. Kd2 Qd5+ 32. Qd4 Qxa2+ 33. Rc2 Qa5+ 34. Kc1 Re8
35. f4 Bf5 36. Rc7 f6 37. Qc4+ Be6 38. Qc3 Qa4 39. Bd6 Bf5
40. Kd2 Qa2+ 0-1

[Event "FIDE Grand Prix Moscow"]
[Site "Moscow RUS"]
[Date "2017.05.14"]
[EventDate "2017.05.12"]
[Round "3.9"]
[Result "0-1"]
[White "Ernesto Inarkiev"]
[Black "Jon Ludvig Hammer"]
[WhiteElo "2727"]
[BlackElo "2621"]
[PlyCount "96"]

1. e4 c6 2. d4 d5 3. e5 Bf5 4. Nf3 e6 5. Be2 Ne7 6. O-O c5
7. c3 Nec6 8. a3 Be7 9. b4 cxd4 10. cxd4 a6 11. Be3 O-O
12. Nbd2 Nd7 13. Ne1 b5 14. f4 Bg6 15. g4 f5 16. Rc1 Rc8
17. Nb3 Nb6 18. Nd3 Nc4 19. Bf2 fxg4 20. Bxg4 Bf5 21. Ndc5 Qe8
22. Bh5 Bg6 23. Bg4 Bf5 24. Bh5 g6 25. Bg4 Bxc5 26. Nxc5 Bxg4
27. Qxg4 Rf5 28. Rc3 Qf7 29. Rd3 Kh8 30. Bh4 g5 31. Bxg5 Rg8
32. Qg2 Nxd4 33. Rg3 Rg6 34. h4 h6 35. h5 Rg8 36. Bf6+ Kh7
37. Rxg8 Qxg8 38. Qxg8+ Kxg8 39. Kh2 Rxh5+ 40. Kg3 Nf5+
41. Kf2 Kf7 42. Nb7 Rh2+ 43. Kg1 Ra2 44. Rf2 Ra1+ 45. Rf1
Rxf1+ 46. Kxf1 Nd4 47. Kf2 Kg6 48. Bh4 Nxa3 0-1

[Event "FIDE Grand Prix Moscow"]
[Site "Moscow RUS"]
[Date "2017.05.15"]
[EventDate "2017.05.12"]
[Round "4.5"]
[Result "1/2-1/2"]
[White "Jon Ludvig Hammer"]
[Black "Anish Giri"]
[WhiteElo "2621"]
[BlackElo "2785"]
[PlyCount "157"]

1. c4 e5 2. g3 c6 3. Nf3 e4 4. Nd4 d5 5. cxd5 Qxd5 6. Nc2 Nf6
7. Nc3 Qe5 8. Bg2 Na6 9. O-O Be7 10. d4 exd3 11. Qxd3 O-O
12. Qe3 Bd6 13. Rd1 Re8 14. Qd4 Bc7 15. Bf4 Qh5 16. Bxc7 Nxc7
17. f3 Ne6 18. Qf2 Ng5 19. g4 Qg6 20. Ne3 h5 21. h4 Ne6 22. g5
Nf4 23. Rd4 N6d5 24. Ncxd5 Nxd5 25. Nxd5 cxd5 26. Rxd5 Be6
27. Rd2 Rad8 28. e4 f5 29. Rxd8 Rxd8 30. Qxa7 Qf7 31. Qa5 Qd7
32. Qe5 fxe4 33. fxe4 Bh3 34. Qd5+ Qxd5 35. exd5 Bxg2 36. Kxg2
Rxd5 37. Rf1 Rd4 38. Kg3 Rg4+ 39. Kh3 Kh7 40. Rf7 Rb4 41. b3
Kg6 42. Rc7 Rd4 43. Rxb7 Rd3+ 44. Kg2 Rd2+ 45. Kf3 Rxa2
46. Rb4 Kf5 47. Ke3 Rg2 48. Kd3 Rg3+ 49. Kc2 Ke5 50. Rc4 Kd5
51. Kb2 Rh3 52. Ka3 Rg3 53. Ka4 Rh3 54. Rb4 Ke6 55. Kb5 Kd5
56. Ka5 Kd6 57. Rb7 Rxh4 58. Rxg7 Rh1 59. g6 h4 60. Rh7 Ke6
61. Rc7 h3 62. g7 Rg1 63. Rc3 h2 64. Rh3 Rxg7 65. Rxh2 Kd7
66. Rc2 Rg8 67. b4 Ra8+ 68. Kb5 Rb8+ 69. Ka4 Ra8+ 70. Kb3 Rc8
71. Rxc8 Kxc8 72. Kc4 Kb8 73. Kd5 Kb7 74. Kc5 Kc7 75. b5 Kb7
76. b6 Kb8 77. Kc6 Kc8 78. b7+ Kb8 79. Kb6 1/2-1/2

[Event "FIDE Grand Prix Moscow"]
[Site "Moscow RUS"]
[Date "2017.05.15"]
[EventDate "2017.05.12"]
[Round "4.6"]
[Result "1/2-1/2"]
[White "Boris Gelfand"]
[Black "Evgeny Tomashevsky"]
[WhiteElo "2724"]
[BlackElo "2696"]
[PlyCount "71"]

1. d4 Nf6 2. c4 e6 3. g3 Bb4+ 4. Bd2 Be7 5. Bg2 d5 6. Nf3 O-O
7. O-O Nbd7 8. a4 a5 9. Qc2 c6 10. Na3 Bd6 11. Ne1 Qe7 12. Nd3
e5 13. cxd5 Nxd5 14. Bxd5 cxd5 15. Nb5 e4 16. Nf4 Nf6 17. Rfc1
Bg4 18. Nxd6 Qxd6 19. Qb3 h6 20. Qb5 Bd7 21. Qc5 Qa6 22. Nxd5
Nxd5 23. Qxd5 Bg4 24. Qxe4 Bxe2 25. Rc5 Rfe8 26. Re5 Rxe5
27. Qxe5 Bf3 28. Ra3 Qc6 29. Rc3 Qd5 30. Qxd5 Bxd5 31. Rc5 Bf3
32. Rf5 Be4 33. Re5 Bf3 34. Bxa5 b6 35. Re3 Bd5 36. Bxb6
1/2-1/2

[Event "FIDE Grand Prix Moscow"]
[Site "Moscow RUS"]
[Date "2017.05.15"]
[EventDate "2017.05.12"]
[Round "4.7"]
[Result "0-1"]
[White "Francisco Vallejo Pons"]
[Black "Teimour Radjabov"]
[WhiteElo "2710"]
[BlackElo "2710"]
[PlyCount "90"]

1. e4 c5 2. Nf3 Nc6 3. Bb5 g6 4. Bxc6 dxc6 5. d3 Bg7 6. h3 Nf6
7. Nc3 O-O 8. Bf4 Nh5 9. Be3 Qd6 10. Qd2 e5 11. O-O-O b5
12. Ne2 b4 13. g4 Nf6 14. Ng3 a5 15. c4 a4 16. Rhg1 Kh8
17. Bh6 Ne8 18. Bxg7+ Kxg7 19. Nf5+ gxf5 20. gxf5+ Kh8 21. Qg5
Ra7 22. Rg4 f6 23. Qh6 Rff7 24. Rdg1 Rg7 25. Rxg7 Nxg7 26. Ng5
Ne8 27. Nf3 Ba6 28. Rg6 Rf7 29. Ng5 Bxc4 30. f4 exf4 31. e5
Qe7 32. Nxf7+ Bxf7 33. Rg1 Bxa2 34. e6 f3 35. Qf4 Bd5 36. Qb8
c4 37. Kd2 c3+ 38. bxc3 bxc3+ 39. Kc2 a3 40. Rg4 a2 41. Qg3
a1=N+ 42. Kd1 c2+ 43. Kd2 c1=Q+ 44. Kxc1 Qc5+ 45. Kd2 Nb3+ 0-1

[Event "FIDE Grand Prix Moscow"]
[Site "Moscow RUS"]
[Date "2017.05.15"]
[EventDate "2017.05.12"]
[Round "4.8"]
[Result "0-1"]
[White "Michael Adams"]
[Black "Ian Nepomniachtchi"]
[WhiteElo "2747"]
[BlackElo "2751"]
[PlyCount "98"]

1. e4 c5 2. Nf3 d6 3. d4 cxd4 4. Nxd4 Nf6 5. Nc3 a6 6. g3 e5
7. Nde2 Be7 8. Bg2 O-O 9. O-O b5 10. Nd5 Nxd5 11. Qxd5 Ra7
12. Be3 Be6 13. Qd3 Rb7 14. b3 Nd7 15. Nc3 Nf6 16. a4 Qd7
17. axb5 axb5 18. Ra6 Rc8 19. Rfa1 b4 20. Na4 Qc7 21. Ra2 Nd7
22. Qf1 Rcb8 23. Qd1 h6 24. h4 Bf8 25. Bf3 Nf6 26. Bg2 Bd7
27. Nb2 Bc6 28. Nc4 Bxe4 29. Ba7 Re8 30. Bb6 Qd7 31. Na5 Bxg2
32. Kxg2 Rbb8 33. Ra7 Qb5 34. Bc7 Ra8 35. Nc4 Rxa7 36. Rxa7
Qc5 37. Qa1 Ng4 38. Bb6 Qc6+ 39. f3 e4 40. fxg4 e3+ 41. Kh2 e2
42. Qe1 d5 43. Be3 dxc4 44. Qxe2 Qe6 45. Qf2 Qxe3 46. Qxf7+
Kh8 47. bxc4 Qe2+ 48. Kh3 Qd1 49. g5 h5 0-1

[Event "FIDE Grand Prix Moscow"]
[Site "Moscow RUS"]
[Date "2017.05.15"]
[EventDate "2017.05.12"]
[Round "4.9"]
[Result "1/2-1/2"]
[White "Ernesto Inarkiev"]
[Black "Pentala Harikrishna"]
[WhiteElo "2727"]
[BlackElo "2750"]
[PlyCount "94"]

1. d4 Nf6 2. c4 e6 3. g3 c5 4. d5 exd5 5. cxd5 g6 6. Bg2 d6
7. Nf3 Bg7 8. Nc3 O-O 9. O-O Re8 10. Bf4 Bf5 11. Nh4 Bc8
12. Qd2 a6 13. a4 Qe7 14. h3 Nbd7 15. e4 Rb8 16. Nf3 b5
17. axb5 axb5 18. Rfe1 b4 19. Na4 Bb7 20. e5 Nxd5 21. exd6 Qf8
22. Ne5 Rxe5 23. Bxe5 Nxe5 24. Nxc5 Bc6 25. Ra6 Qxd6 26. Rxc6
Qxc6 27. Qxd5 Qxd5 28. Bxd5 Rd8 29. Rd1 Bf8 30. Ne4 Be7
31. Bb3 Rxd1+ 32. Bxd1 Nd3 33. Bb3 Nxb2 34. Kf1 Nd3 35. Bd5
Kg7 36. Ke2 Ne5 37. f4 Nd7 38. g4 f5 39. gxf5 gxf5 40. Ng3 Kf6
41. Nh5+ Kg6 42. Bc6 b3 43. Bxd7 b2 44. Ng3 b1=Q 45. Bxf5+
Qxf5 46. Nxf5 Kxf5 47. Kf3 Bc5 1/2-1/2

[Event "FIDE Grand Prix Moscow"]
[Site "Moscow RUS"]
[Date "2017.05.16"]
[EventDate "2017.05.12"]
[Round "5.2"]
[Result "1/2-1/2"]
[White "Peter Svidler"]
[Black "Teimour Radjabov"]
[WhiteElo "2755"]
[BlackElo "2710"]
[PlyCount "61"]

1. c4 e6 2. Nc3 d5 3. d4 Nf6 4. cxd5 Nxd5 5. e4 Nxc3 6. bxc3
c5 7. Rb1 Be7 8. Nf3 O-O 9. Bc4 Nc6 10. O-O b6 11. Bf4 Bb7
12. Re1 cxd4 13. cxd4 Nb4 14. Qd2 Nc6 15. d5 Na5 16. Bb5 exd5
17. exd5 Bc5 18. Rbd1 Bd6 19. Ne5 a6 20. Bf1 Rc8 21. Nc6 Bxf4
22. Qxf4 Bxc6 23. dxc6 Qc7 24. Rd6 Nxc6 25. Rc1 Qb8 26. Bxa6
Ne5 27. Rcd1 Rc5 28. Qb4 Nc6 29. Qb2 Rd8 30. Rxd8+ Nxd8
31. Rb1 1/2-1/2

[Event "FIDE Grand Prix Moscow"]
[Site "Moscow RUS"]
[Date "2017.05.16"]
[EventDate "2017.05.12"]
[Round "5.5"]
[Result "1/2-1/2"]
[White "Ian Nepomniachtchi"]
[Black "Boris Gelfand"]
[WhiteElo "2751"]
[BlackElo "2724"]
[PlyCount "91"]

1. e4 c5 2. Nf3 Nc6 3. Bb5 g6 4. O-O Bg7 5. Nc3 d6 6. e5 dxe5
7. Bxc6+ bxc6 8. Re1 Qc7 9. d3 c4 10. h3 Be6 11. Qe2 cxd3
12. cxd3 Nf6 13. Nxe5 Nd5 14. Na4 Bxe5 15. Qxe5 Qxe5 16. Rxe5
Bf5 17. Nc5 f6 18. Re2 Kf7 19. d4 g5 20. Bd2 Rab8 21. b3 h5
22. Rc1 Rhd8 23. Rce1 Re8 24. Kh2 Rg8 25. Rc1 Rgd8 26. Ba5 Rg8
27. Rc4 Nb6 28. Rb4 Nd7 29. Nxd7 Bxd7 30. Rc4 Rgc8 31. Bc3 Rb7
32. Bb2 Be6 33. Rc5 Rb5 34. Rec2 Bf5 35. R2c4 Rxc5 36. Rxc5
Bb1 37. Ra5 Rc7 38. h4 gxh4 39. Kh3 Kg6 40. Kxh4 Rd7 41. Bc3
Be4 42. Kh3 Bd3 43. f3 a6 44. Rc5 Rd6 45. Kh4 Re6 46. d5
1/2-1/2

[Event "FIDE Grand Prix Moscow"]
[Site "Moscow RUS"]
[Date "2017.05.16"]
[EventDate "2017.05.12"]
[Round "5.7"]
[Result "1/2-1/2"]
[White "Evgeny Tomashevsky"]
[Black "Jon Ludvig Hammer"]
[WhiteElo "2696"]
[BlackElo "2621"]
[PlyCount "40"]

1. c4 e5 2. Nc3 Bb4 3. Nd5 Bc5 4. Nf3 c6 5. Nc3 d6 6. e3 Bb4
7. Qb3 Ba5 8. Be2 Nf6 9. d3 e4 10. dxe4 Nxe4 11. Bd2 Nxd2
12. Nxd2 Na6 13. Rc1 Bf5 14. Qd1 Nc5 15. O-O Qb6 16. Nb3 Nxb3
17. axb3 Rd8 18. Ra1 O-O 19. Nd5 cxd5 20. Qxd5 Qxb3 1/2-1/2

[Event "FIDE Grand Prix Moscow"]
[Site "Moscow RUS"]
[Date "2017.05.16"]
[EventDate "2017.05.12"]
[Round "5.9"]
[Result "1/2-1/2"]
[White "Francisco Vallejo Pons"]
[Black "Ernesto Inarkiev"]
[WhiteElo "2710"]
[BlackElo "2727"]
[PlyCount "128"]

1. c4 e5 2. g3 Nf6 3. Bg2 c6 4. d4 exd4 5. Qxd4 d5 6. Nf3 Be6
7. cxd5 cxd5 8. Be3 Nc6 9. Qa4 Bb4+ 10. Nbd2 O-O 11. O-O d4
12. Bg5 h6 13. Bxf6 Qxf6 14. Ne4 Qf5 15. a3 Qxe4 16. axb4 d3
17. b5 Qxa4 18. Rxa4 dxe2 19. Re1 Ne7 20. Nd4 Bd5 21. Rxe2
Bxg2 22. Kxg2 Rfe8 23. Nf3 Kf8 24. Ne5 Red8 25. Rc4 f6 26. Nf3
Rd7 27. b3 Rad8 28. Ra2 Nc8 29. h4 h5 30. Rac2 Nb6 31. Rc5 Nd5
32. Ra2 b6 33. Rc4 Ne7 34. Rf4 Kg8 35. Raa4 Nd5 36. Rfc4 a5
37. Rc6 Kf7 38. Rd4 Ke8 39. Rdc4 Rd6 40. Nd4 Ne7 41. Rxd6 Rxd6
42. Kf3 Kd7 43. Ke4 g6 44. f4 Rd5 45. b4 axb4 46. Rxb4 Rc5
47. Kd3 Rc1 48. Ra4 Rg1 49. Ne2 Rd1+ 50. Kc2 Re1 51. Kd2 Rb1
52. Ra7+ Ke6 53. Nd4+ Kd6 54. Rb7 Nd5 55. f5 gxf5 56. Nxf5+
Ke5 57. Ng7 Rxb5 58. Nxh5 Ke4 59. Kc1 Rc5+ 60. Kb2 f5 61. Rf7
Rb5+ 62. Kc1 Rb3 63. Ng7 Rxg3 64. Nxf5 Rh3 1/2-1/2

[Event "FIDE Grand Prix Moscow"]
[Site "Moscow RUS"]
[Date "2017.05.18"]
[EventDate "2017.05.12"]
[Round "6.5"]
[Result "1/2-1/2"]
[White "Evgeny Tomashevsky"]
[Black "Anish Giri"]
[WhiteElo "2696"]
[BlackElo "2785"]
[PlyCount "61"]

1. d4 Nf6 2. c4 e6 3. g3 c5 4. d5 exd5 5. cxd5 d6 6. Nc3 g6
7. Bg2 Bg7 8. Nf3 O-O 9. O-O Re8 10. Bf4 Bf5 11. Bg5 h6
12. Bxf6 Qxf6 13. Nd2 Qe7 14. e4 Bd7 15. a4 Na6 16. Nc4 Nc7
17. f4 b5 18. axb5 Bd4+ 19. Kh1 Nxb5 20. e5 dxe5 21. fxe5 Nxc3
22. bxc3 Bxc3 23. d6 Qe6 24. Bd5 Bxa1 25. Bxe6 Bxe6 26. Qxa1
Bxc4 27. Rc1 Bd5+ 28. Kg1 c4 29. Qa5 Be6 30. Rb1 Rec8 31. Rb7
1/2-1/2

[Event "FIDE Grand Prix Moscow"]
[Site "Moscow RUS"]
[Date "2017.05.18"]
[EventDate "2017.05.12"]
[Round "6.7"]
[Result "1/2-1/2"]
[White "Jon Ludvig Hammer"]
[Black "Francisco Vallejo Pons"]
[WhiteElo "2621"]
[BlackElo "2710"]
[PlyCount "68"]

1. c4 Nf6 2. g3 e5 3. Bg2 h6 4. Nf3 e4 5. Nd4 Nc6 6. Nc2 d5
7. cxd5 Qxd5 8. Nc3 Qe6 9. d4 exd3 10. Qxd3 Bd6 11. Nb5 O-O
12. Nxd6 Rd8 13. Bf4 Nh5 14. Be3 Rxd6 15. Qb5 Qg6 16. Nb4 Nd4
17. Bxd4 Rxd4 18. Nd5 Qd6 19. Qe8+ Kh7 20. Qxf7 Be6 21. Qxh5
Bxd5 22. Bxd5 Rxd5 23. Qf3 Qb4+ 24. Kf1 Rd2 25. Rc1 c6 26. Rc2
Rxc2 27. Qd3+ Kh8 28. Qxc2 Rd8 29. b3 Rd2 30. Qf5 Rxa2
31. Qc8+ Kh7 32. Qf5+ Kh8 33. Qc8+ Kh7 34. Qf5+ Kh8 1/2-1/2

[Event "FIDE Grand Prix Moscow"]
[Site "Moscow RUS"]
[Date "2017.05.18"]
[EventDate "2017.05.12"]
[Round "6.8"]
[Result "1/2-1/2"]
[White "A R Saleh Salem"]
[Black "Yifan Hou"]
[WhiteElo "2633"]
[BlackElo "2652"]
[PlyCount "72"]

1. d4 Nf6 2. c4 e6 3. Nf3 d5 4. Nc3 c5 5. cxd5 Nxd5 6. e4 Nxc3
7. bxc3 cxd4 8. cxd4 Bb4+ 9. Bd2 Bxd2+ 10. Qxd2 O-O 11. Bc4
Nd7 12. O-O b6 13. a4 Bb7 14. Rfe1 Nf6 15. Bd3 h6 16. a5 bxa5
17. Rxa5 Qc7 18. Ne5 Rfc8 19. f3 Qd8 20. Bf1 Nd7 21. Nc4 Nb6
22. Ne3 Rc7 23. Rea1 Rd7 24. Nc2 Nc8 25. Bb5 Rd6 26. Qb4 Rb8
27. Bd3 Ne7 28. Rb5 a6 29. e5 Rc6 30. Rxb7 Rxb7 31. Qxb7 Rxc2
32. Qe4 Rc8 33. Rxa6 Nf5 34. Kf2 Qxd4+ 35. Qxd4 Nxd4 36. Be4
g6 1/2-1/2

[Event "FIDE Grand Prix Moscow"]
[Site "Moscow RUS"]
[Date "2017.05.19"]
[EventDate "2017.05.12"]
[Round "7.4"]
[Result "1/2-1/2"]
[White "Peter Svidler"]
[Black "Boris Gelfand"]
[WhiteElo "2755"]
[BlackElo "2724"]
[PlyCount "59"]

1. d4 Nf6 2. c4 e6 3. Nf3 d5 4. Nc3 c6 5. e3 Nbd7 6. Qc2 Bd6
7. b3 O-O 8. Be2 b6 9. O-O Bb7 10. Bb2 Qe7 11. Rad1 Rad8
12. Rfe1 Rfe8 13. Bf1 e5 14. dxe5 Nxe5 15. Nd4 dxc4 16. Nf5
Qe6 17. Nxd6 Rxd6 18. Rxd6 Qxd6 19. Rd1 cxb3 20. axb3 Qb8
21. Ne4 Nxe4 22. Qxe4 f6 23. Bxe5 Rxe5 24. Bc4+ Kh8 25. Qd4
Re7 26. Qd8+ Re8 27. Qd7 Qc8 28. Qf7 Rf8 29. Qe7 Re8 30. Qf7
1/2-1/2

[Event "FIDE Grand Prix Moscow"]
[Site "Moscow RUS"]
[Date "2017.05.19"]
[EventDate "2017.05.12"]
[Round "7.6"]
[Result "1/2-1/2"]
[White "Pentala Harikrishna"]
[Black "Evgeny Tomashevsky"]
[WhiteElo "2750"]
[BlackElo "2696"]
[PlyCount "119"]

1. e4 e5 2. Nf3 Nc6 3. d4 exd4 4. Nxd4 Nf6 5. Nxc6 bxc6 6. e5
Qe7 7. Qe2 Nd5 8. c4 Ba6 9. Nd2 g6 10. b3 Bg7 11. Nf3 O-O
12. Qb2 Nb6 13. Qa3 Qxa3 14. Bxa3 Rfe8 15. O-O-O Bxe5 16. Nxe5
Rxe5 17. Bb2 Re7 18. h4 d5 19. h5 dxc4 20. Rh4 Rae8 21. hxg6
fxg6 22. bxc4 c5 23. Bd3 Rd7 24. Kc2 Bb7 25. Rg4 Bc6 26. Rh1
Red8 27. Rh3 Ba4+ 28. Kd2 Rd6 29. Rf4 Bd7 30. g4 h5 31. Bf6
Bxg4 32. Rxg4 Rxd3+ 33. Rxd3 Rxd3+ 34. Kxd3 hxg4 35. Be5 c6
36. Bb8 a6 37. Bc7 Nd7 38. Ke4 Kf7 39. Kf4 Kf6 40. a4 Ke6
41. Kxg4 Ne5+ 42. Kg5 Nd3 43. f4 Kf7 44. Bb6 Ke6 45. Ba7 Kf7
46. f5 gxf5 47. Kxf5 Nb2 48. Bxc5 Nxc4 49. Ke4 Ke6 50. Kd4 Nd6
51. Bb4 Nb7 52. Ba3 Kd7 53. Kc4 Kc7 54. Bb4 Kb6 55. Be7 Kc7
56. Bb4 Kb6 57. Be7 Ka5 58. Kb3 c5 59. Kc4 Kxa4 60. Bxc5
1/2-1/2